| 000 | 01281cab a2200325 4500 | ||
|---|---|---|---|
| 001 | ABS56499 | ||
| 008 | 090401t1997 xxu||||| |||| 00| 0 eng d | ||
| 035 | _a(Sirsi) u24093 | ||
| 041 | _aeng | ||
| 100 | _aPawlowski, M. | ||
| 245 | _aGiving notice | ||
| 260 | _c1997 | ||
| 350 | _a0 | ||
| 490 |
_aEstates Gazette _v(9701) 11 January 1997, 116-118(3) |
||
| 520 | _aExamines what is meant by the term `just and equitable` in the context of the courts` power to dispense with written notices under the Rent Act 1977 and Housing Act 1988. Sets out general principles as illustrated through case law, including examples of oral notices, notices not received, no intention to create a Case 11 tenancy, protected shorthold tenancies, and assured tenancy section 8 notices. | ||
| 650 | _aASSURED TENANCIES | ||
| 650 | _aCASE 11 TENANCY | ||
| 650 | _aDISPENSATION | ||
| 650 | _aHOUSING ACT 1988 SCH 2 | ||
| 650 | _aJUST AND EQUITABLE | ||
| 650 | _aNOTICE TO QUIT | ||
| 650 | _aPOSSESSION | ||
| 650 | _aRENT ACT 1977 SCH 15 | ||
| 650 | _aSHORTHOLD TENANCIES | ||
| 650 | _aTERMINATION OF TENANCY | ||
| 650 | _aWRITTEN NOTICES | ||
| 690 | _aPROPERTY-RESIDENTIAL PROPERTY-RESIDENTIAL LANDLORD AND TENANT-RESIDENTIAL TENANCIES | ||
| 942 | _n0 | ||
| 948 | _c04/03/1997 | ||
| 999 |
_c16138 _d16138 |
||